| 000 | 00718nab a2200265 4500 | ||
|---|---|---|---|
| 999 |
_c371114 _d371114 |
||
| 001 | 866 | ||
| 003 | OSt | ||
| 005 | 20211112134035.0 | ||
| 007 | tu | ||
| 008 | |||||||||||| | ||
| 040 |
_aDE-2950 _cDE-2950 |
||
| 245 | 0 | 0 |
_aDie Oder als Teil der Frankfurter Kulturlandschaft / _cSonja Michaels |
| 260 | _c2021 | ||
| 525 | _aEnthaltene Fotografien: zahlreiche Fotografien | ||
| 653 |
_aFrankfurt (Oder) _aOder <Fluss> |
||
| 653 | _aMuseum Viadrina | ||
| 653 | _aAusstellung | ||
| 653 | _aGeologische Entstehung | ||
| 653 | _aBadeanstalt | ||
| 653 | _aSchiffahrt | ||
| 653 | _aRudersport | ||
| 653 | _aFischfang | ||
| 773 | 0 |
_g01.01.2021-31.12.2021, S. 151-171 _tFrankfurter Jahrbuch 2021 |
|
| 942 |
_2z _cA |
||